Creating Effective Teams : (Record no. 76594)

MARC details
000 -LEADER
fixed length control field 00870nam a22002417a 4500
005 - DATE AND TIME OF LATEST TRANSACTION
control field 20140217122355.0
010 ## - LCCN (DPL NO)
LC control number ENG-107584
020 ## - INTERNATIONAL STANDARD BOOK NUMBER
International Standard Book Number 9788132110866
Terms of availability 325.00
035 ## - SYSTEM CONTROL NUMBER
System control number EN-91117
035 ## - SYSTEM CONTROL NUMBER
System control number B-495886
037 ## - SOURCE OF ACQUISITION
Source of stock number/acquisition DBAD/PUB
037 ## - SOURCE OF ACQUISITION
Source of stock number/acquisition Allied Pub/Ven
Stock number dpl
082 ## - DEWEY DECIMAL CLASSIFICATION NUMBER
Classification number 658.4022
100 ## - MAIN ENTRY--PERSONAL NAME
Personal name Wheelan, Susan A.
245 ## - TITLE STATEMENT
Title Creating Effective Teams :
Statement of responsibility, etc by Susan A. Wheelan
Remainder of title a guide for members and leaders /
250 ## - EDITION STATEMENT
Edition statement Fourth edition
260 ## - PUBLICATION, DISTRIBUTION, ETC. (IMPRINT)
Place of publication, distribution, etc New Delhi
Name of publisher, distributor, etc Sage Publications
Date of publication, distribution, etc 2013
270 ## - ADDRESS
Address B1/I-1 Mohan Cooperative Industrial Area Mathura Road
City New Delhi
Postal code 110044
300 ## - PHYSICAL DESCRIPTION
Extent ix,144p.
Dimensions 23cm(pbk)
500 ## - GENERAL NOTE
General note Includes bibliographical references and index
942 ## - ADDED ENTRY ELEMENTS (KOHA)
Source of classification or shelving scheme Dewey Decimal Classification
Item type English Books
Call number suffix WHE
Classification part 658.4022
Holdings
Withdrawn status Lost status Not for loan Collection code Home library Current library Date acquired Source of acquisition Cost, normal purchase price Full call number Barcode Copy number Cost, replacement price Koha item type Public note
      Non-fiction Central Library Central Library 17/02/2014 Allied Pub/DE/2012CR/0001881/12.3.2013/167/8.3.2013/16.3.2013 325.00 658.4022 WHE B-495886 1 325.00 English Books Legal Case (Register 2018)
    Not For Loan Non-fiction D.B.Act.Division D.B.Act.Division 12/06/2013 DBAD / PUB 325.00 WHE EN-91117 1 325.00 English Books  

© Delhi Public Library
Hit Counter
free hit counter